Hacia un desarrollo sostenible de la agricultura y el medio rural

Bibliographic Details
Main Author: Meyrat, Alain Khein
Format: Section = Libro
Language:Undetermined
Spanish
Published: Managua Hispamer 2013
Edition:2a ed.
Subjects:
LEADER 00695nam a2200229Ia 4500
008 240830s9999 xx 000 0 und d
020 |a 978-99924-79-80-3 
040 |a B-ESTELÍ- RUACS / 307.72 C838 
041 |a spa 
082 |a 307.72 C838 
100 1 |a Meyrat, Alain Khein 
245 1 0 |a Hacia un desarrollo sostenible de la agricultura y el medio rural 
250 |a 2a ed. 
260 |a Managua  |b Hispamer  |c 2013 
300 |a 300 p.: il. 
650 7 |a ARBOLES - CLASIFICACION 
650 7 |b  ARBUSTOS - CLASIFICACION 
650 7 |c  ARBOLES - NICARAGUA - DISTRIBUCION GEOGRAFICA 
650 7 |d  ARBUSTOS - NICARAGUA - DISTRIBUCION GEOGRAFICA 
942 |c BK  |2 ddc 
991 |a TEXTO 
999 |c 10674